000 01163cam a2200325 a 4500
001 2531
005 20231214101059.0
020 _a0803728697
040 _aDLC
_cDLC
_dDLC
_beng
050 0 0 _aPZ7.G8283
_bSu 2003
082 0 0 _a813.54
_221
100 1 _aGreene, Bette
_d1934-
245 1 0 _aSummer of my German soldier /
_cBette Greene
250 _aFirst Scholastic printing, May 2000
260 _aNew York :
_bScholastic,
_c2003
300 _a230 pages :
_c22 cm
505 _aT
520 _aWhen German prisoners of war are brought to her Arkansas town during World War II, twelve-year-old Patty, a Jewish girl, befriends one of them and must deal with the consequences of that friendship.
521 _a800
_bLexile
521 _aT
_bRaz-Plus
650 0 _aWorld War, 1939-1945
_zArkansas
_vJuvenile fiction.
650 1 _aWorld War, 1939-1945
_zUnited States
_vFiction.
650 1 _aConduct of life
_vFiction.
650 1 _aPrisoners of war
_vFiction.
650 1 _aSelf-esteem
_vFiction.
650 1 _aPrejudices
_vFiction.
650 1 _aJews
_zUnited States
_vFiction.
906 _a7
_bcbc
_corignew
_d1
_eecip
_f20
_gy-gencatlg
942 _2ddc
_cBK
_n0
999 _c2531
_d2531